000 00616cam a2200193 4500
008 090401t1973 xxu||||| |||| 00| 0 eng d
020 _a0900361433
035 _a(Sirsi) u11663
041 _aeng
050 _a690.24
100 _aMelville, Ian Alexander
245 4 _aThe repair and maintenance of houses, with illustrations to chapter 1 by E Moira Stephenson and the remaining illustrations by the author
260 _aLondon
_bEstates Gazette
_c1973
300 _axxi. 1050p. ill. plans. 22cm. bibl. p.1027-1029. index
350 _a7.5
700 _aGordon, Ian A.
942 _n0
948 _c04/03/1997
999 _c86887
_d86887